| 000 | 00516 a2200157 4500 | ||
|---|---|---|---|
| 999 |
_c301363 _d301363 |
||
| 001 | 66290 | ||
| 003 | NUST | ||
| 005 | 20180119121232.0 | ||
| 008 | 180119b xxu||||| |||| 00| 0 eng d | ||
| 022 | _a969-407-313-8 | ||
| 082 | _a917.3035 ARI | ||
| 100 |
_aArif Hussaini, Syed _99073 |
||
| 245 |
_aGlimpses of life in America _cSyed Arif Hussaini _hEnglish |
||
| 260 |
_aRex Center, Fatima Jinnah Road, Karachi PO box No. 7737 _bRoyal Book Company _c2005 |
||
| 300 |
_axi, 266p, Pb _c14x22cm |
||
| 505 |
_rSyed Arif Hussaini _tGlimpses of Life in America |
||
| 650 |
_aamerican life _99074 |
||
| 942 |
_aNUST-CAE _cBK _k917.3035 ARI _2ddc |
||